00611 2200229 4500001002100000005001700021008004100038035002400079082001000103090001700113100002000130245004700150260001900197300002600216440003100242500002800273500002600301650001800327850001500345985000600360999001500366YOGYA-0209000002810120090227024212.0 ind  0010-020900000028101 a530.7 a530.7bAlk F aALKAF, Abdullah aFisika moderncAbdullah Alkaff ... [et.al] a[s.l.]bIPIEMS a...jilidbilusc21 cm aSeri Buku pelajaran fisika aYang diterima : Jilid I aBibliografi : hlm. 57 aFisika Modern aYOPDYOG(B) a1 aP000012363